00295nam a22000977a 4500020001800000082002000018100002400038245008900062250000800151260003800159 a9788131516577 a346.048bBOU/IN aBouchoux, Deborah E aIntellectual property: the law of trademarks, copyrights, patents, and trade secrets a3rd aNew DelhibCengage Learningc2012